[Event "ENG-ch Seniors 65"]
[Site "Kenilworth"]
[Date "2024.05.28"]
[Round "7"]
[White "Hutchinson, Paul A"]
[Black "Littlewood, Paul E"]
[Result "0-1"]
[WhiteElo "1970"]
[BlackElo "2317"]
[PlyCount "90"]
[EventDate "2024.05.24"]
[EventType "swiss"]
[EventRounds "7"]
[EventCountry "ENG"]
[SourceTitle "CB22_2024"]
[SourceDate "2024.05.29"]
[SourceVersion "1"]
[SourceVersionDate "2024.05.29"]
[SourceQuality "1"]

1. d4 Nf6 2. Nf3 g6 3. c4 Bg7 4. Nc3 0-0 5. Bg5 h6 6. Bh4 d6 7. e3 c6 8. Be2 a6 9. Qc2 b5 10. b4 a5 11. bxa5 g5 12. Bg3 b4 13. Nb1 Qxa5 14. 0-0 Nh5 15. Nbd2 f5 16. Nb3 Qc7 17. Rad1 Nxg3 18. hxg3 c5 19. Ne1 Be6 20. Bf3 Ra3 21. d5 Bc8 22. Nd3 Nd7 23. e4 g4 24. Be2 fxe4 25. Nf4 Ne5 26. f3 exf3 27. gxf3 Bf5 28. Qc1 gxf3 29. Bxf3 Rxa2 30. Rd2 Ra3 31. Bd1 Qd7 32. Bc2 Bxc2 33. Qxc2 Qf5 34. Qd1 Qg4 35. Qxg4 Nxg4 36. Nc1 Rxg3+ 37. Kh1 Rh3+ 38. Kg1 Bd4+ 39. Rxd4 Rg3+ 40. Kh1 cxd4 41. Nce2 Rh3+ 42. Kg1 d3 43. Nd4 Rg3+ 44. Kh1 Rxf4 45. Rxf4 d2 0-1

[Event "ENG-ch Seniors 65"]
[Site "Kenilworth"]
[Date "2024.05.25"]
[Round "2"]
[White "Littlewood, Paul E"]
[Black "Wager, John D"]
[Result "1-0"]
[WhiteElo "2317"]
[BlackElo "2020"]
[PlyCount "33"]
[EventDate "2024.05.24"]
[EventType "swiss"]
[EventRounds "7"]
[EventCountry "ENG"]
[SourceTitle "CB22_2024"]
[SourceDate "2024.05.29"]
[SourceVersion "1"]
[SourceVersionDate "2024.05.29"]
[SourceQuality "1"]

1. e4 c6 2. d4 d5 3. f3 dxe4 4. fxe4 e5 5. Nf3 exd4 6. Bc4 Be6 7. Bxe6 fxe6 8. 0-0 Be7 9. Nxd4 Qd6 10. Bf4 Qd7 11. Nc3 Na6 12. Be5 Nf6 13. Qe2 0-0 14. Rad1 Bc5 15. Kh1 Rad8 16. Bxf6 Rxf6 17. Nxe6 1-0

[Event "ENG-ch Seniors 65"]
[Site "Leamington Spa"]
[Date "2023.05.08"]
[Round "7"]
[White "Snape, Ian L"]
[Black "Littlewood, Paul E"]
[Result "1/2-1/2"]
[WhiteElo "2096"]
[BlackElo "2347"]
[PlyCount "89"]
[EventDate "2023.05.04"]
[EventType "swiss"]
[EventRounds "7"]
[EventCountry "ENG"]
[SourceTitle "CBM 214 Extra"]
[Source "ChessBase"]
[SourceDate "2023.07.31"]
[SourceVersion "1"]
[SourceVersionDate "2023.07.31"]
[SourceQuality "1"]

1. d4 Nf6 2. c4 e6 3. Nf3 b6 4. g3 Ba6 5. Qc2 Bb7 6. Bg2 Bb4+ 7. Bd2 a5 8. 0-0 0-0 9. Nc3 d6 10. Rad1 Nbd7 11. h3 h6 12. Rfe1 Bxc3 13. Bxc3 Be4 14. Qc1 d5 15. Nd2 Bxg2 16. Kxg2 c5 17. cxd5 exd5 18. e4 Rc8 19. Qb1 Re8 20. dxc5 Nxc5 21. e5 Nh7 22. Nc4 Nb7 23. Ne3 Rc5 24. Qf5 Ng5 25. Qg4 b5 26. h4 Ne6 27. Qf3 b4 28. Nxd5 Qb8 29. Bd2 Rd8 30. Be3 Rc2 31. Bxh6 gxh6 32. Nf6+ Kg7 33. Qf5 Qc8 34. Qh7+ Kf8 35. Qh8+ Ke7 36. Nd5+ Rxd5 37. Qxc8 Rxc8 38. Rxd5 Rc2 39. Red1 Nbc5 40. R5d2 Rc4 41. f4 Ng7 42. Kf3 h5 43. Rd4 Rc2 44. R4d2 Rc4 45. Rd4 1/2-1/2

[Event "WchT Seniors 65"]
[Site "Acqui Terme"]
[Date "2022.06.24"]
[Round "5.1"]
[White "Boudre, Jean Pierre"]
[Black "Littlewood, Paul E"]
[Result "1/2-1/2"]
[WhiteElo "2255"]
[BlackElo "2342"]
[PlyCount "101"]
[EventDate "2022.06.20"]
[EventType "team-tourn"]
[EventRounds "9"]
[EventCountry "ITA"]
[SourceTitle "CBM 209 Extra"]
[Source "ChessBase"]
[SourceDate "2022.09.30"]
[SourceVersion "1"]
[SourceVersionDate "2022.09.30"]
[SourceQuality "1"]
[WhiteTeam "France 65"]
[BlackTeam "England 65"]
[WhiteTeamCountry "FRA"]
[BlackTeamCountry "ENG"]

1. e4 c5 2. Nf3 Nc6 3. Bb5 e6 4. Bxc6 bxc6 5. 0-0 Ne7 6. b3 Ng6 7. Bb2 f6 8. e5 Be7 9. d3 0-0 10. Nbd2 fxe5 11. Nxe5 Nxe5 12. Bxe5 d6 13. Bg3 e5 14. Qe2 Bg5 15. Rae1 Bf5 16. Ne4 Bh6 17. f4 d5 18. Nd2 Qa5 19. Nf3 exf4 20. Bf2 Qc3 21. Nh4 Bd7 22. Qe7 Rf7 23. Qxc5 Qxc5 24. Bxc5 Bg5 25. Nf3 Bf6 26. Ne5 Bxe5 27. Rxe5 a6 28. Kf2 Re8 29. Rfe1 Rxe5 30. Rxe5 h6 31. h4 Bg4 32. Ke1 Kh7 33. Re7 Rxe7+ 34. Bxe7 Kg6 35. Bd6 Kf5 36. Bf8 g5 37. Bxh6 gxh4 38. Bf8 f3 39. gxf3 Bxf3 40. Bd6 d4 41. b4 h3 42. Bh2 Kg4 43. a3 Bd5 44. Kf2 Ba2 45. Be5 Bb1 46. Bxd4 h2 47. Kg2 Bxc2 48. Kxh2 Kf3 49. Bc5 Bxd3 50. Kg1 Bb5 51. Bb6 1/2-1/2

[Event "ENG Chessable-ch Seniors 65+"]
[Site "Kenilworth"]
[Date "2022.05.06"]
[Round "4"]
[White "Littlewood, Paul E"]
[Black "Costello, Colin"]
[Result "1-0"]
[WhiteElo "2347"]
[BlackElo "1899"]
[PlyCount "107"]
[EventDate "2022.05.04"]
[EventType "swiss"]
[EventRounds "7"]
[EventCountry "ENG"]
[SourceTitle "CBM 208 Extra"]
[Source "ChessBase"]
[SourceDate "2022.07.31"]
[SourceVersion "1"]
[SourceVersionDate "2022.07.31"]
[SourceQuality "1"]

1. e4 e5 2. Nf3 Nc6 3. Bb5 a6 4. Bxc6 dxc6 5. 0-0 Bg4 6. h3 Bxf3 7. Qxf3 Ne7 8. d3 Ng6 9. Nd2 Be7 10. Nc4 0-0 11. Qf5 Bf6 12. g3 Qc8 13. f4 exf4 14. Qxc8 Raxc8 15. gxf4 Bd4+ 16. Be3 Bxe3+ 17. Nxe3 Rcd8 18. Rad1 Rfe8 19. Kh2 c5 20. Rde1 b5 21. b3 c6 22. Rf2 Rd4 23. Rg1 c4 24. bxc4 bxc4 25. Nxc4 f5 26. exf5 Rxf4 27. Rgf1 Rxf2+ 28. Rxf2 Ne5 29. Nd6 Rb8 30. Kg3 Nf7 31. Nc4 Re8 32. Rf4 Nh6 33. Kf3 Re1 34. Ne3 Nf7 35. Kf2 Rh1 36. Rc4 Rxh3 37. Rxc6 Ne5 38. Rxa6 h5 39. Re6 Ng4+ 40. Nxg4 hxg4 41. Kg2 Rf3 42. Re4 Rxf5 43. Rxg4 Rc5 44. Rc4 Rxc4 45. dxc4 Kf7 46. a4 Ke6 47. a5 Kd6 48. Kg3 Kc6 49. Kg4 Kb7 50. c5 Kc6 51. a6 Kc7 52. Kg5 Kb8 53. c6 Kc7 54. a7 1-0

[Event "ENG Chessable-ch Seniors 65+"]
[Site "Kenilworth"]
[Date "2022.05.04"]
[Round "1"]
[White "Spanton, Timothy"]
[Black "Littlewood, Paul E"]
[Result "1/2-1/2"]
[WhiteElo "1860"]
[BlackElo "2347"]
[PlyCount "69"]
[EventDate "2022.05.04"]
[EventType "swiss"]
[EventRounds "7"]
[EventCountry "ENG"]
[SourceTitle "CBM 208 Extra"]
[Source "ChessBase"]
[SourceDate "2022.07.31"]
[SourceVersion "1"]
[SourceVersionDate "2022.07.31"]
[SourceQuality "1"]

1. e4 c5 2. Nf3 d6 3. Bb5+ Bd7 4. Bxd7+ Qxd7 5. 0-0 Nc6 6. Qe2 Nf6 7. Rd1 g6 8. c3 Bg7 9. d4 cxd4 10. cxd4 d5 11. e5 Ne4 12. Nbd2 Nxd2 13. Bxd2 0-0 14. Rac1 f6 15. exf6 exf6 16. Qb5 Rfe8 17. Re1 Re4 18. Bc3 Rae8 19. Rxe4 dxe4 20. d5 exf3 21. dxc6 bxc6 22. Qc4+ Qe6 23. Qxe6+ Rxe6 24. gxf3 f5 25. Kf1 Bxc3 26. Rxc3 Kf7 27. Ra3 Re7 28. Ra6 Rc7 29. Ke2 Ke6 30. Kd3 Kd7 31. Kc4 Kc8 32. Ra3 Rb7 33. Rb3 Rd7 34. Rd3 Rb7 35. Rb3 1/2-1/2

[Event "ENG-ch Seniors 50"]
[Site "Solihull"]
[Date "2019.04.05"]
[Round "3"]
[White "Josse, Mark"]
[Black "Littlewood, Paul E"]
[Result "1/2-1/2"]
[WhiteElo "2188"]
[BlackElo "2343"]
[PlyCount "100"]
[EventDate "2019.04.04"]
[EventType "swiss"]
[EventRounds "6"]
[EventCountry "ENG"]
[SourceTitle "CBM 190 Extra"]
[Source "ChessBase"]
[SourceDate "2019.07.15"]
[SourceVersion "1"]
[SourceVersionDate "2019.07.15"]
[SourceQuality "1"]

1. c4 Nf6 2. Nc3 e5 3. Nf3 Nc6 4. e3 d6 5. d4 Bg4 6. d5 Nb8 7. e4 Nbd7 8. h3 Bh5 9. Be3 Be7 10. Be2 0-0 11. Nd2 Bxe2 12. Qxe2 a5 13. 0-0 Ne8 14. g3 g6 15. Bh6 Ng7 16. f4 f5 17. Rae1 Bf6 18. Nf3 exf4 19. Bxg7 Bxg7 20. exf5 Rxf5 21. gxf4 Rxf4 22. Qe6+ Kh8 23. h4 Nc5 24. Qe2 Qf6 25. Kg2 Rf8 26. Ng5 Rxf1 27. Rxf1 Qxf1+ 28. Qxf1 Rxf1 29. Kxf1 Bxc3 30. bxc3 Kg7 31. Ke2 h6 32. Nf3 Kf6 33. Nd4 Ke5 34. Nb5 Na6 35. Ke3 g5 36. hxg5 hxg5 37. Kf3 a4 38. Kg4 c6 39. dxc6 bxc6 40. Nd4 c5 41. Nb5 Ke4 42. Kxg5 Kd3 43. Kf4 Kxc4 44. Nxd6+ Kxc3 45. Ke3 Kb2 46. Kd3 Kxa2 47. Kc3 Kb1 48. Nb5 Nc7 49. Nxc7 a3 50. Nb5 a2 1/2-1/2

[Event "BCF-chT1b 1718 (4NCL)"]
[Site "England"]
[Date "2018.01.14"]
[Round "4.77"]
[White "Littlewood, Paul E"]
[Black "Starley, Robert"]
[Result "1-0"]
[WhiteElo "2356"]
[BlackElo "2067"]
[PlyCount "123"]
[EventDate "2017.11.11"]
[EventType "team-swiss"]
[EventRounds "11"]
[EventCountry "ENG"]
[SourceTitle "EXT 2019"]
[Source "ChessBase"]
[SourceDate "2018.10.10"]
[SourceVersion "1"]
[SourceVersionDate "2018.10.10"]
[SourceQuality "1"]
[WhiteTeam "Wood Green"]
[BlackTeam "Cambridge University"]
[WhiteTeamCountry "ENG"]
[BlackTeamCountry "ENG"]

1. d4 Nf6 2. c4 e6 3. Nf3 c5 4. e3 a6 5. Nc3 d5 6. cxd5 exd5 7. Be2 Nc6 8. 0-0 Bd6 9. dxc5 Bxc5 10. b3 0-0 11. Bb2 Re8 12. Na4 Be7 13. Rc1 Bf5 14. Nd4 Nxd4 15. Qxd4 Bd6 16. Rfd1 Be5 17. Qb4 Bxb2 18. Nxb2 b5 19. Qf4 Bg6 20. Nd3 Qe7 21. Nb4 Be4 22. Nc6 Qa3 23. Nd4 Rac8 24. Ra1 Rc3 25. g4 h6 26. h4 Qe7 27. a4 Nd7 28. axb5 Qxh4 29. Qh2 Qxh2+ 30. Kxh2 axb5 31. Bxb5 Rd8 32. Bxd7 Rxd7 33. Rdc1 Rdc7 34. Rxc3 Rxc3 35. Kg3 f6 36. Ra8+ Kh7 37. Ra7 Rc1 38. f3 Bd3 39. Ne6 Rc3 40. Nxg7 Rxb3 41. Nh5+ Kh8 42. Nxf6 Bg6 43. Nxd5 Rb5 44. Nf4 Bc2 45. Rc7 Bb1 46. e4 Rb3 47. Re7 Bc2 48. Ng6+ Kg8 49. Nh4 Kf8 50. Re5 Bd1 51. Rf5+ Kg7 52. Rd5 Be2 53. Kf4 Ra3 54. Rd2 Bd3 55. Nf5+ Kf6 56. Rh2 Kf7 57. Nxh6+ Kf6 58. Nf5 Ra4 59. g5+ Kg6 60. Rh6+ Kf7 61. g6+ Kg8 62. g7 1-0

[Event "BCF-ch Seniors 50"]
[Site "Llandudno"]
[Date "2017.08.04"]
[Round "6"]
[White "Smith, Graham M"]
[Black "Littlewood, Paul E"]
[Result "0-1"]
[WhiteElo "2000"]
[BlackElo "2361"]
[PlyCount "90"]
[EventDate "2017.07.30"]
[EventType "swiss"]
[EventRounds "7"]
[EventCountry "WLS"]
[SourceTitle "CBM 179 Extra"]
[Source "ChessBase"]
[SourceDate "2017.08.23"]
[SourceVersion "1"]
[SourceVersionDate "2017.08.23"]
[SourceQuality "1"]

1. d4 Nf6 2. Nf3 c5 3. d5 d6 4. c4 g6 5. Nc3 Bg7 6. e4 0-0 7. Bd3 a6 8. a4 Bg4 9. h3 Bxf3 10. Qxf3 Nbd7 11. 0-0 Ne8 12. Bd2 Nc7 13. a5 Rb8 14. Qd1 b5 15. axb6 Rxb6 16. Ra2 e6 17. Qc2 Qh4 18. Kh2 Rfb8 19. g3 Qd8 20. Na4 R6b7 21. Ba5 exd5 22. cxd5 Qc8 23. f4 Nb5 24. Qd2 Qe8 25. Bc3 Nxc3 26. bxc3 a5 27. Rf2 c4 28. Bc2 h5 29. Re2 Qd8 30. Bd1 Rb5 31. Nb2 Rc5 32. Ba4 Nf6 33. Bc6 h4 34. g4 Qc7 35. Na4 Rxc6 36. dxc6 Qxc6 37. e5 dxe5 38. fxe5 Rb1 39. Re1 Rxe1 40. Qxe1 Ne4 41. Qxh4 Bxe5+ 42. Kg1 Ng3 43. Qd8+ Kg7 44. Kf2 Qh1 45. Rb2 Qf1+ 0-1

[Event "BCF-ch Seniors 50"]
[Site "Llandudno"]
[Date "2017.08.02"]
[Round "4"]
[White "Chandler, Clifford R"]
[Black "Littlewood, Paul E"]
[Result "1/2-1/2"]
[WhiteElo "2269"]
[BlackElo "2361"]
[PlyCount "98"]
[EventDate "2017.07.30"]
[EventType "swiss"]
[EventRounds "7"]
[EventCountry "WLS"]
[SourceTitle "CBM 179 Extra"]
[Source "ChessBase"]
[SourceDate "2017.08.23"]
[SourceVersion "1"]
[SourceVersionDate "2017.08.23"]
[SourceQuality "1"]

1. e4 c5 2. a3 e6 3. b4 cxb4 4. axb4 Bxb4 5. Bb2 Nf6 6. e5 Nd5 7. c4 Ne7 8. Qg4 Nf5 9. Bd3 h5 10. Qe2 Nc6 11. Bxf5 exf5 12. Nc3 Bxc3 13. Bxc3 Qh4 14. Nf3 Qe4 15. Qxe4 fxe4 16. Ng5 d6 17. exd6 Bf5 18. f3 exf3 19. 0-0 0-0 20. Rxf3 Bg6 21. d4 Rfe8 22. c5 f6 23. Nh3 Be4 24. Re3 b6 25. Rae1 f5 26. Ng5 bxc5 27. dxc5 Rab8 28. Nxe4 fxe4 29. Rxe4 Rxe4 30. Rxe4 Rb5 31. d7 Kf7 32. Re5 Rb1+ 33. Kf2 Rd1 34. Rxh5 Rxd7 35. Rg5 g6 36. Ke3 Rd1 37. Ke4 a5 38. Rd5 Rc1 39. Rd7+ Ke8 40. Rd6 Ne7 41. Bd4 Rc2 42. g4 Rxh2 43. Ra6 Re2+ 44. Kf4 Rc2 45. Ke5 Re2+ 46. Kf6 Re4 47. Ra8+ Kd7 48. Ra7+ Kd8 49. Ra8+ Kd7 1/2-1/2

[Event "GBR-ch 97th"]
[Site "Canterbury"]
[Date "2010.07.30"]
[Round "5"]
[White "Littlewood, Paul E"]
[Black "Gormally, Daniel"]
[Result "0-1"]
[WhiteElo "2361"]
[BlackElo "2480"]
[PlyCount "114"]
[EventDate "2010.07.26"]
[EventType "swiss"]
[EventRounds "11"]
[EventCountry "ENG"]
[SourceTitle "CBM 137 Extra"]
[Source "ChessBase"]
[SourceDate "2010.09.01"]
[SourceVersion "1"]
[SourceVersionDate "2010.09.01"]
[SourceQuality "1"]

1. e4 c5 2. Nf3 d6 3. d4 cxd4 4. Nxd4 Nf6 5. Nc3 a6 6. Bg5 e6 7. f4 Be7 8. Qf3 Qc7 9. 0-0-0 Nbd7 10. Bd3 h6 11. h4 Nc5 12. Bxf6 Bxf6 13. Be2 h5 14. f5 Bd7 15. fxe6 fxe6 16. Rh3 Qb6 17. Nb3 0-0-0 18. Bc4 Be5 19. Qe2 Rdf8 20. Rf3 Rf6 21. Nxc5 Qxc5 22. Bb3 Rhf8 23. Na4 Qa5 24. Nc3 Rxf3 25. gxf3 Bxc3 26. Qc4+ Qc5 27. Qxc3 Qxc3 28. bxc3 Rxf3 29. Rxd6 Rf4 30. Bxe6 Bxe6 31. Rxe6 Rxh4 32. Re7 Rg4 33. Kd2 h4 34. Ke3 g5 35. Rh7 Rg3+ 36. Kd4 h3 37. Ke5 Rxc3 38. Kf5 Rxc2 39. Rxh3 Rxa2 40. Kxg5 Re2 41. Kf5 Kc7 42. e5 b5 43. e6 b4 44. Kf6 Kd6 45. Rd3+ Kc5 46. Rd8 Rf2+ 47. Ke5 Re2+ 48. Kf6 a5 49. Rc8+ Kd5 50. Rd8+ Kc4 51. Rc8+ Kb3 52. e7 a4 53. e8Q Rxe8 54. Rxe8 a3 55. Ke5 Ka2 56. Kd4 b3 57. Kc3 b2 0-1

[Event "GBR-ch 97th"]
[Site "Canterbury"]
[Date "2010.07.27"]
[Round "2"]
[White "Williams, Simon Kim"]
[Black "Littlewood, Paul E"]
[Result "1-0"]
[WhiteElo "2511"]
[BlackElo "2361"]
[PlyCount "115"]
[EventDate "2010.07.26"]
[EventType "swiss"]
[EventRounds "11"]
[EventCountry "ENG"]
[SourceTitle "CBM 137 Extra"]
[Source "ChessBase"]
[SourceDate "2010.09.01"]
[SourceVersion "1"]
[SourceVersionDate "2010.09.01"]
[SourceQuality "1"]

1. d4 Nf6 2. c4 e6 3. Nf3 Nc6 4. Nc3 Bb4 5. Qc2 d6 6. a3 Bxc3+ 7. Qxc3 Ne7 8. g3 0-0 9. Bg2 Ng6 10. b4 Qe7 11. Bb2 Ne4 12. Qc2 f5 13. e3 c6 14. 0-0 h5 15. Nd2 Nxd2 16. Qxd2 h4 17. f4 d5 18. a4 Bd7 19. b5 Rfc8 20. Ba3 Qe8 21. Rfe1 Qf7 22. Qb4 Nf8 23. cxd5 exd5 24. Qe7 hxg3 25. hxg3 Nh7 26. bxc6 Bxc6 27. Qh4 Qe6 28. Be7 Be8 29. Ra2 Rc3 30. Bf3 Bg6 31. Rae2 Re8 32. Bg5 Qf7 33. Qh1 Nxg5 34. fxg5 Re4 35. Bxe4 dxe4 36. Rh2 Qb3 37. Rhe2 Qxa4 38. Qh4 Rc2 39. Qf4 Rxe2 40. Rxe2 Qd1+ 41. Qf1 Qb3 42. Qc1 Qe6 43. Qc7 Be8 44. Qxb7 Qc4 45. Qb2 Bb5 46. Qa2 Qxa2 47. Rxa2 a6 48. Rc2 Kf7 49. Rc7+ Kg6 50. Kf2 Kxg5 51. Rxg7+ Kf6 52. Rc7 Ke6 53. Rc3 Bd3 54. Kg2 Kf6 55. Kh3 Bf1+ 56. Kh4 Bb5 57. Rc7 Kg6 58. Rb7 1-0

[Event "GBR-ch 97th"]
[Site "Canterbury"]
[Date "2010.07.26"]
[Round "1"]
[White "Littlewood, Paul E"]
[Black "Sugden, John N"]
[Result "1-0"]
[WhiteElo "2361"]
[BlackElo "2199"]
[PlyCount "73"]
[EventDate "2010.07.26"]
[EventType "swiss"]
[EventRounds "11"]
[EventCountry "ENG"]
[SourceTitle "CBM 137 Extra"]
[Source "ChessBase"]
[SourceDate "2010.09.01"]
[SourceVersion "1"]
[SourceVersionDate "2010.09.01"]
[SourceQuality "1"]

1. d4 c5 2. d5 d6 3. e4 g6 4. Nc3 Bg7 5. f4 Na6 6. Nf3 Nc7 7. a4 Nf6 8. Bc4 0-0 9. 0-0 e6 10. dxe6 Bxe6 11. Bxe6 fxe6 12. Qe2 d5 13. e5 Nd7 14. h4 h5 15. Ng5 Bh6 16. f5 Rxf5 17. Rxf5 gxf5 18. Qxh5 Bxg5 19. Bxg5 Qe8 20. Qe2 Qg6 21. Nb5 Nxb5 22. Qxb5 Nxe5 23. Qxb7 Qe8 24. Re1 Nd7 25. Rxe6 Qxe6 26. Qxa8+ Nf8 27. Qxa7 Qe1+ 28. Kh2 f4 29. Qe7 Qg3+ 30. Kh1 f3 31. gxf3 Qxf3+ 32. Kg1 Qd1+ 33. Kf2 Qxc2+ 34. Kg3 Qb3+ 35. Qe3 Qxa4 36. Be7 Qd7 37. Qg5+ 1-0

[Event "GBR-ch 96th"]
[Site "Torquay"]
[Date "2009.08.07"]
[Round "11"]
[White "Fitzsimons, David"]
[Black "Littlewood, Paul E"]
[Result "0-1"]
[WhiteElo "2167"]
[BlackElo "2358"]
[PlyCount "70"]
[EventDate "2009.07.27"]
[EventType "swiss"]
[EventRounds "11"]
[EventCountry "ENG"]
[SourceTitle "CBM 131 Extra"]
[Source "ChessBase"]
[SourceDate "2009.09.03"]
[SourceVersion "2"]
[SourceVersionDate "2009.09.16"]
[SourceQuality "1"]

1. e4 c5 2. Nf3 Nc6 3. Bb5 g6 4. 0-0 Bg7 5. c3 Nf6 6. d4 cxd4 7. cxd4 Nxe4 8. d5 Nd6 9. Na3 Nb4 10. Re1 0-0 11. Bg5 f6 12. Bf4 Nxb5 13. Nxb5 d6 14. Qd2 Na6 15. Qe3 Bd7 16. Nbd4 Rf7 17. Rac1 Qb6 18. Qd2 Rc8 19. Rxc8+ Bxc8 20. Rc1 Bd7 21. Be3 Qd8 22. Qc2 Rf8 23. a3 Qb8 24. Qe4 Nc5 25. Qb1 Rc8 26. Re1 Na4 27. Bf4 Bf8 28. Re2 Nb6 29. Qa2 Rc5 30. Nd2 Rxd5 31. Nc4 Rxd4 32. Nxd6+ Nd5 33. Re1 e5 34. Ne4 Kg7 35. Be3 Nxe3 0-1

[Event "GBR-ch 96th"]
[Site "Torquay"]
[Date "2009.08.03"]
[Round "7"]
[White "Lewis, Andrew P"]
[Black "Littlewood, Paul E"]
[Result "0-1"]
[WhiteElo "2281"]
[BlackElo "2358"]
[PlyCount "90"]
[EventDate "2009.07.27"]
[EventType "swiss"]
[EventRounds "11"]
[EventCountry "ENG"]
[SourceTitle "CBM 131 Extra"]
[Source "ChessBase"]
[SourceDate "2009.09.03"]
[SourceVersion "2"]
[SourceVersionDate "2009.09.16"]
[SourceQuality "1"]

1. Nf3 Nf6 2. c4 g6 3. Nc3 Bg7 4. e4 d6 5. d4 0-0 6. Be2 Nbd7 7. 0-0 e5 8. Be3 Re8 9. d5 Nh5 10. g3 Bf8 11. Ne1 Ng7 12. Ng2 f5 13. f3 Be7 14. Bf2 a5 15. Rb1 Rf8 16. a3 b6 17. b4 h5 18. exf5 Nxf5 19. Nb5 Nf6 20. Bd3 axb4 21. axb4 Bd7 22. g4 hxg4 23. fxg4 Ng7 24. h3 Nh7 25. Bxg6 Ng5 26. Rb3 e4 27. Nd4 Ra2 28. h4 Nf7 29. Bxe4 Ne5 30. Qb1 Qa8 31. Nf5 Bxf5 32. gxf5 Nxc4 33. Bd4 Bf6 34. Bxf6 Rxf6 35. Rg3 Nd2 36. Qd3 Nxf1 37. Qxf1 Ra1 38. Ne1 Qe8 39. Qe2 Qe5 40. Qg4 Rf7 41. Kf2 Rxf5+ 42. Nf3 Ra2+ 43. Ke3 Ra3+ 44. Ke2 Qb2+ 45. Nd2 Rf2+ 0-1

[Event "GBR-ch 96th"]
[Site "Torquay"]
[Date "2009.07.30"]
[Round "4"]
[White "Littlewood, Paul E"]
[Black "Surtees, Michael"]
[Result "0-1"]
[WhiteElo "2358"]
[BlackElo "2149"]
[PlyCount "74"]
[EventDate "2009.07.27"]
[EventType "swiss"]
[EventRounds "11"]
[EventCountry "ENG"]
[SourceTitle "CBM 131 Extra"]
[Source "ChessBase"]
[SourceDate "2009.09.03"]
[SourceVersion "2"]
[SourceVersionDate "2009.09.16"]
[SourceQuality "1"]

1. d4 c6 2. Nf3 f6 3. c4 e5 4. Nc3 Bb4 5. dxe5 fxe5 6. Qb3 Bxc3+ 7. Qxc3 d6 8. Bg5 Nf6 9. 0-0-0 Qe7 10. c5 dxc5 11. Nxe5 Be6 12. e3 b5 13. Be2 0-0 14. Ng4 Nbd7 15. e4 Rf7 16. Nxf6+ Nxf6 17. Qe3 Qf8 18. Bxf6 Rxf6 19. Kb1 Kh8 20. f3 Qe7 21. Rd2 Bg8 22. Rc1 c4 23. Rcd1 b4 24. Rd7 Qe5 25. Rd8 Rf8 26. Rxf8 Rxf8 27. Qxa7 Qxh2 28. Qe7 Rb8 29. Qd6 Qxg2 30. Qxb8 Qxe2 31. Rd8 Qe1+ 32. Kc2 Qe2+ 33. Kb1 Qf1+ 34. Kc2 Qe2+ 35. Rd2 b3+ 36. axb3 cxb3+ 37. Kc1 Qc4+ 0-1

[Event "BCF-ch 92nd"]
[Site "Douglas"]
[Date "2005.08.12"]
[Round "11"]
[White "Littlewood, Paul E"]
[Black "Conquest, Stuart"]
[Result "0-1"]
[WhiteElo "2355"]
[BlackElo "2503"]
[PlyCount "196"]
[EventDate "2005.08.01"]
[EventType "swiss"]
[EventRounds "11"]
[EventCountry "ENG"]
[SourceTitle "CBM 107 Extra"]
[Source "ChessBase"]
[SourceDate "2005.09.01"]
[SourceVersion "1"]
[SourceVersionDate "2005.09.01"]
[SourceQuality "1"]

1. d4 c5 2. d5 g6 3. e4 Bg7 4. f4 d6 5. Nf3 Nf6 6. Nc3 0-0 7. e5 dxe5 8. fxe5 Ng4 9. Qe2 Nd7 10. Bf4 Qc7 11. Nb5 Qa5+ 12. c3 c4 13. Na3 Qxd5 14. Rd1 Qc5 15. Nxc4 b5 16. Ne3 Nxe3 17. Bxe3 Qc7 18. Bd4 Nc5 19. Qe3 Ne6 20. Be2 Bb7 21. 0-0 a6 22. h4 Qc6 23. Ne1 Rad8 24. Bf3 Qc8 25. Bxb7 Qxb7 26. Nf3 h6 27. Nh2 Qc8 28. h5 g5 29. g3 b4 30. Qf3 Qc4 31. b3 Qd5 32. Qe2 Qc6 33. Rf3 a5 34. Rfd3 bxc3 35. Bxc3 Rxd3 36. Rxd3 a4 37. b4 Rc8 38. Qd2 Qe4 39. Re3 Qc4 40. a3 Rd8 41. Qe2 Qxe2 42. Rxe2 Rd3 43. Rc2 Rxg3+ 44. Kf2 Rh3 45. Nf1 Nc7 46. Bb2 Nb5 47. Ne3 Rh2+ 48. Ng2 Rh1 49. Ne3 Rb1 50. Rc8+ Kh7 51. Nc4 Rh1 52. Rc5 Rh4 53. Rxb5 Rxc4 54. Rc5 Rh4 55. Bc3 Rh2+ 56. Ke1 Ra2 57. b5 Rxa3 58. Kd1 g4 59. Kc2 g3 60. Rc4 g2 61. Rg4 Rb3 62. Rxg2 Rxb5 63. Re2 a3 64. Kd3 e6 65. Ke4 Rb3 66. Bd4 Rh3 67. Rf2 Kg8 68. Rc2 Rh4+ 69. Kd3 Rxh5 70. Rc8+ Kh7 71. Rc7 Kg6 72. Ke4 Rh4+ 73. Kd3 a2 74. Ra7 Rh2 75. Ke4 h5 76. Kf3 Rd2 77. Ba1 Bh6 78. Kg3 Be3 79. Ra3 Bc5 80. Ra5 Rc2 81. Ra4 Kg5 82. Kh3 Kf5 83. Kg3 Be3 84. Kf3 Bg5 85. Ra7 Kg6 86. Ra8 Bd2 87. Ke4 Bh6 88. Kf3 Rd2 89. Ke4 h4 90. Ra3 Kh5 91. Bc3 Re2+ 92. Kd3 Rf2 93. Kc4 Kg4 94. Bd4 Rg2 95. Ra8 h3 96. Rh8 Bg5 97. Kb3 h2 98. Bb2 Bh4 0-1

[Event "BCF-ch 92nd"]
[Site "Douglas"]
[Date "2005.08.10"]
[Round "9"]
[White "Littlewood, Paul E"]
[Black "Greet, Andrew"]
[Result "0-1"]
[WhiteElo "2355"]
[BlackElo "2425"]
[PlyCount "92"]
[EventDate "2005.08.01"]
[EventType "swiss"]
[EventRounds "11"]
[EventCountry "ENG"]
[SourceTitle "CBM 107 Extra"]
[Source "ChessBase"]
[SourceDate "2005.09.01"]
[SourceVersion "1"]
[SourceVersionDate "2005.09.01"]
[SourceQuality "1"]

1. d4 Nf6 2. c4 e6 3. Nf3 b6 4. g3 Ba6 5. Nbd2 Bb7 6. Bg2 c5 7. e4 cxd4 8. 0-0 d6 9. Nxd4 Qd7 10. Qe2 Nc6 11. Nxc6 Bxc6 12. b3 Be7 13. Bb2 Qb7 14. Rfe1 0-0 15. Rad1 Rfd8 16. Nb1 b5 17. Nc3 bxc4 18. bxc4 Nd7 19. Rb1 Bf8 20. Nb5 Qc8 21. Ba3 Nc5 22. Qe3 a6 23. Nd4 Be8 24. f4 Rb8 25. Rxb8 Qxb8 26. f5 Rc8 27. fxe6 Nxe6 28. Nxe6 fxe6 29. Bh3 Bf7 30. Rf1 Rxc4 31. Qf2 Qe8 32. Qb6 Rxe4 33. Bxd6 Bxd6 34. Qxd6 h6 35. Qxa6 Ra4 36. Qe2 e5 37. Rc1 Rxa2 38. Qe4 Ra8 39. Rc5 Ra1+ 40. Bf1 Bg6 41. Rxe5 Qf7 42. Qe2 Bf5 43. Re8+ Kh7 44. Rd8 Qa7+ 45. Qf2 Bh3 46. Qxa7 Rxf1# 0-1